Statistics for The Big Bang Theory Characters

Click here to take the quiz!

General Stats

  • This quiz has been taken 421 times
  • The average score is 11 of 15

Answer Stats

HintAnswer% Correct
The astrophysicist from IndiaRaj
99%
The theoretical physicist; the protagonistSheldon
99%
The neurobiologist; the protagonist's girlfriendAmy
98%
The Jewish aerospace engineerHoward
98%
The waitress/actress; lives in apartment 4BPenny
98%
The experimental physicistLeonard
96%
The microbiologist; works in a pharmaceutical companyBernadette
91%
The owner of the comic book storeStuart
79%
The plasma physicist; has rhotacism; pronounces 'r' ,'l' & 'w' in the same wayBarry
66%
A corporate lawyer; the astrophysicist's younger sisterPriya
61%
The protagonists's very religious motherMary
58%
The male experimental physicist's motherBeverly
51%
The minor but pivotal antagonist; starred in Star Trek: The Next GenerationWil Wheaton
49%
The experimental physicist's counterpart; shares a lab with himLeslie
44%
The astrophysicist's girlfriend in the sixth seasonLucy
44%

Score Distribution

Percentile by Number Answered

Percent of People with Each Score

Your Score History

You have not taken this quiz